000 00954nam a2200229 a 4500
001 81425
003 BD-RjUL
005 20230521153628.0
008 230521s2022 bg ||||| |||| 00| 0 ben d
020 _a9789849589662
035 _a(BD-RjUL) 81425
040 _aBD-RjUL
_beng
_cBD-RjUL
041 _aben
082 _223
_a891.443
_bCHK 2022
100 _aচট্রোপাধ্যায়, বঙ্কিমচন্দ্র
_97590
245 1 0 _aকপালকুন্ডলা /
_cবঙ্কিমচন্দ্র চট্রোপাধ্যায়; ভূমিকা ও সম্পাদনা মো. আসাদুজ্জামান খান
260 _aঢাকা :
_bসূর্যোদয় প্রকাশন,
_c২০২২
650 _aবাংলা উপন্যাস
650 _aBengali novel
700 _aখান, মো. আসাদুজ্জামান
_97589
942 _2ddc
_cBK
999 _c81425
_d81425